000
00319 a2200109 4500
001
ART_30494
005
20260410162003.0
008
260409a
245
1
0
_a
La ética pública y el juicio de residencia
100
1
_a
Castagno, Antonio
773
0
_t
Foro político
_g
- Vol. XIX (abr. 1997)
_w
REV30389
999
_c
31466
_d
31466